| 000 | 00421nam a2200157Ia 4500 | ||
|---|---|---|---|
| 003 | IQ-KOUCL | ||
| 041 | _aKurdish | ||
| 082 | _a891,1 cut-344 ح | ||
| 100 | _a20260118u\\\\\\\\\\\y0engy0103\\\\ba | ||
| 100 | _aعیسا حوسێن | ||
| 245 | 0 | _aمەمکەشیعر بمکە بە نیشتمانى خۆت | |
| 250 | _aچ1 | ||
| 260 |
_bجابخانە ى تاران _aتاهران _c2019 |
||
| 300 | _a141 | ||
| 942 | _cBk | ||
| 999 |
_c186546 _d186546 |
||